[Event "BL 2016-17"]
[Site "Germany"]
[Date "2017.03.19"]
[Round "10"]
[White "Bobras, Piotr"]
[Black "Schreiner, Peter"]
[Result "1-0"]
[WhiteElo "2522"]
[BlackElo "2473"]
[Annotator "TA"]
[PlyCount "67"]
[EventDate "2017.??.??"]
[EventType "team-tourn"]
[EventCountry "GER"]
[SourceTitle "playchess.com"]
[Source "ChessBase"]
[SourceQuality "1"]
[WhiteTeam "SG Trier"]
[BlackTeam "SF Berlin"]

{[%evp 22,67,34,0,45,37,50,48,71,63,53,45,68,69,233,202,317,311,314,316,318,0,250,250,250,250,244,252,241,235,426,396,227,211,514,506,1220,1226,3055,2604,29990,29991,29991,1725,29995,29996,29997,29998]} 1. e4 e5 2. Nf3 Nc6 3. Bb5 a6 4. Ba4 Nf6 5. O-O Be7 6. Re1 d6 7. Bxc6+ bxc6 8. d4 exd4 9. Nxd4 Bd7 10. Nc3 O-O 11. Qf3 Re8 {C87: Closed Ruy Lopez: Steinitz-type lines after 6 Re1 d6} 12. b3 {LiveBook: 9 Games} (12. Nf5 Bxf5 13. Qxf5 Qd7 14. Qf3 Qg4 15. Qd3 Bf8 16. h3 Qe6 17. Bf4 Nd7 18. b3 g6 19. Rad1 Bg7 20. Na4 Nf6 21. Nc3 Nd7 22. Na4 Nf6 23. Nc3 Nd7 24. Na4 {½-½ (24) Fressinet,L (2654)-Bacrot,E (2695) Ajaccio 2007}) 12... Qc8 13. Bb2 Bf8 {White is slightly better.} 14. h3 h6 $146 (14... c5 15. Nde2 Bc6 16. Nf4 Nxe4 17. Nxe4 Rxe4 18. Rxe4 {½-½ (43) Tsuboi,E (2345)-Van Riemsdijk,H (2405) Sao Paulo 1996}) 15. Rad1 Nh7 16. Qg3 c5 17. Nde2 {[%cal Bd4e2,Be2f4,Bf4h5][%mdl 32]} f5 $2 ({Black should try} 17... Qd8 $14) 18. Nf4 fxe4 {[#]} (18... Qd8 $142 19. Qd3 Ng5 20. exf5 Qf6 21. Qc4+ Qf7) 19. Ncd5 $1 $18 (19. Nxe4 Bf5 $16) 19... Bf5 20. Nh5 Re6 21. Nhf4 Re8 $1 22. Bxg7 Bxg7 23. Nh5 {[%csl Gh5][%cal Rg3g7]} Ng5 {Threatens to win with ...Be5.} 24. Nxg7 Kxg7 25. h4 {[%cal Bh3h4,Bh4g5][%mdl 32]} Bg4 $2 (25... Qd8 26. hxg5 hxg5) 26. hxg5 Bxd1 27. Qc3+ (27. Rxd1 $6 h5 $16) 27... Re5 $2 {[#]} (27... Kh7 {is more resistant.}) 28. f4 $1 {[%cal Bf2f4,Bf4e5,Be5d6][%mdl 32]} (28. gxh6+ Kxh6 29. f4 (29. Rxd1 Qg4 30. Ne3 Qf4 $17) 29... exf3 30. Rxe5 dxe5 $11) 28... Bg4 (28... c6 $142 29. Ne3 (29. fxe5 cxd5 30. Rxd1 d4 31. gxh6+ Kh7 $16) (29. Rxd1 Qg4 30. Rf1 cxd5 $16) 29... Bh5 30. fxe5 d5 31. gxh6+ Kh7) 29. fxe5 hxg5 30. exd6+ Kh6 31. Qf6+ Kh5 32. Rxe4 (32. Qf7+ $142 Kh6 33. Rf1 Qh8 34. Rf6+ Qxf6 35. Qxf6+ Kh7 36. Qf7+ Kh8 37. Nf6 Bf5 38. g4 e3 39. gxf5 cxd6 40. Qh7#) 32... Qg8 {[#]} 33. Nf4+ $1 {[%mdl 512]} Kh4 (33... gxf4 34. Re5+) 34. Qh6+ 1-0

[Event "BL 2016-17"]
[Site "Jenbach"]
[Date "2017.04.21"]
[Round "10"]
[White "Schlosser, Philipp"]
[Black "Dobosz, Henryk"]
[Result "1-0"]
[WhiteElo "2517"]
[BlackElo "2385"]
[Annotator "TA"]
[PlyCount "91"]
[EventDate "2017.??.??"]
[EventCountry "AUT"]
[SourceTitle "playchess.com"]
[Source "ChessBase"]
[SourceQuality "1"]
[WhiteTeam "Jenbach"]
[BlackTeam "Bregenz"]

{[%evp 20,91,6,8,5,9,16,0,11,12,23,31,18,20,24,22,33,34,61,50,99,98,108,88,175,178,222,201,215,219,182,135,347,347,347,342,336,346,365,355,356,358,368,384,398,403,425,401,433,332,400,417,422,417,434,447,406,395,408,393,680,422,480,476,593,608,584,600,566,589,715,661,906,849]} 1. Nf3 d5 2. g3 c6 3. Bg2 Bg4 4. O-O Nd7 5. c4 e6 6. cxd5 exd5 7. d3 Ngf6 8. h3 Bxf3 9. Bxf3 Bc5 10. Bg2 O-O {A11: English Opening: 1...c6} 11. e3 {LiveBook: 6 Games} a5 12. Nd2 Re8 {The position is equal.} 13. Nf3 a4 14. Bd2 Qb6 $146 (14... Bf8 15. Bc3 c5 16. b3 b5 17. bxa4 Rxa4 18. Qb3 {½-½ (72) Maletin,P (2611)-Arslanov,S (2391) Kazan 2013}) 15. Rb1 Bb4 16. Bc3 Qa5 17. Qd2 Bxc3 18. bxc3 Nc5 19. Rfc1 Qc7 20. c4 {Hoping for cxd5.} Qe7 21. Nd4 Rad8 (21... Ne6 $16 {was worth a try.}) 22. cxd5 $18 Nxd5 23. Nf5 Qf8 24. d4 Ne4 25. Qc2 Nb4 $2 {[#]} (25... Ndc3 $16) 26. Rxb4 ({Less strong is} 26. Qxa4 Nd3 $14) 26... Qxb4 27. Bxe4 g6 28. Rb1 Qf8 29. Nh4 {[%cal Bf5h4,Bh4f3,Bf3e5][%mdl 32]} ({Not} 29. Rxb7 gxf5 30. Bxf5 Qh6 $18) 29... Qe7 30. Bg2 ({Inferior is} 30. Qxa4 b5 31. Qc2 Qxe4 32. Qxe4 Rxe4 $17) 30... Ra8 31. Nf3 Ra5 32. Ne5 Rea8 33. h4 Rb5 34. Rc1 Kg7 35. Bf1 Rba5 36. Rb1 R5a7 37. Rb6 Qc7 38. Rb4 a3 39. Qc3 Ra4 $2 (39... Qe7 40. Bc4 f6) 40. Rb3 {White is clearly winning.} f6 41. Nd3 Qe7 42. Nc5 R4a7 43. Rb6 Rc8 44. Qb3 Rb8 45. Bg2 Qd6 {[#]} 46. Bxc6 $1 {[%mdl 512]} 1-0

[Event "BL 2016-17"]
[Site "Germany"]
[Date "2017.03.19"]
[Round "10"]
[White "Stern, Rene"]
[Black "Granda Zuniga, Julio Ernesto"]
[Result "0-1"]
[WhiteElo "2515"]
[BlackElo "2648"]
[Annotator "TA"]
[PlyCount "96"]
[EventDate "2017.??.??"]
[EventType "team-tourn"]
[EventCountry "GER"]
[SourceTitle "playchess.com"]
[Source "ChessBase"]
[SourceQuality "1"]
[WhiteTeam "König Tegel"]
[BlackTeam "Aufwärts Aachen"]

{[%evp 20,96,14,2,43,22,41,48,43,26,27,19,31,22,39,0,0,-18,-14,-61,0,0,0,-25,-13,-24,-14,-43,0,-85,-66,-103,-40,-37,-34,-46,-43,-47,-52,-53,-58,-74,-73,-62,-70,-68,-45,-97,-90,-125,-125,-125,-125,-125,-125,-125,-125,-125,-122,-121,-118,-113,-88,-100,-90,-102,-92,-170,-154,-225,-79,-29984,-29985,-29985,0,-29986,-29987,-29989,-29990]} 1. Nf3 d5 2. d4 Nf6 3. c4 c6 4. cxd5 cxd5 5. Nc3 Nc6 6. Bf4 Nh5 7. Bd2 {D13: Slav Defence: Exchange variation without ...Bf5} e6 8. e3 Nf6 9. Bd3 Be7 10. O-O O-O 11. Rc1 {LiveBook: 6 Games} Qd6 $146 (11... b6 12. a3 Bb7 13. Qe2 Rc8 14. Ba6 Qc7 {½-½ (81) Almagro Llamas,P (2477)-Giri,A (2737) Linares 2013}) 12. Qe2 Bd7 13. Rfd1 Rfd8 14. h3 Be8 15. a3 a6 16. Be1 Rac8 17. Bb1 Qb8 18. e4 dxe4 19. Nxe4 Nd5 (19... Nxd4 $15 20. Nxd4 Rxc1 21. Rxc1 Rxd4) 20. g3 Bf8 21. Ba2 Nce7 22. Nc3 g6 23. Ne5 Bg7 24. h4 (24. Nxd5 $11 {keeps the balance.} Nxd5 25. Bc4) 24... Nc7 {[%cal Bd5c7,Bc7e8,Be8f6][%mdl 32]} 25. h5 {[#]} Nc6 (25... Nf5 $1 $17 {[%cal Rf5d4]} 26. Nf3 Nxd4 27. Nxd4 Rxd4) 26. Nxc6 $15 Bxc6 27. hxg6 hxg6 28. Qg4 Ne8 29. Ne4 Bd5 ({Inferior is} 29... Bxd4 {[#]} 30. Bxe6 $1 {[%mdl 512]} fxe6 31. Qxe6+ Kh7 32. Rc4 $16 (32. Ng5+ Kh6 33. Qg4 Nf6 34. Qh4+ Kg7 35. Ne6+ Kf7 36. Nxd8+ Rxd8 37. Rxc6 bxc6 $16)) 30. Rxc8 Qxc8 31. Bxd5 Rxd5 32. Nc3 Rd8 33. d5 (33. Qh4 $15) 33... Nf6 $1 $36 {[%csl LRd5,LRg4][%mdl 2048] White is under strong pressure.} 34. Qf3 {With the idea dxe6.} exd5 35. Nxd5 Nxd5 36. Rxd5 Rxd5 ({Reject} 36... Bxb2 $6 37. Rxd8+ Qxd8 38. Qxb7 $11) 37. Qxd5 Bxb2 38. Bb4 Bf6 39. Kg2 Bg7 40. a4 Bf8 41. Bd2 Bc5 42. f3 Bb6 43. g4 (43. Qe4 $17) 43... Qc2 $19 44. Kg3 (44. Qd6 $17) 44... Qd1 (44... Qxa4 $19 {And now ...Qd1 would win.} 45. Qd6 Qd4 46. Qxd4 Bxd4) 45. Qxb7 $2 {[%mdl 8192]} (45. a5 $17 Qg1+ 46. Kf4) 45... Qg1+ ({Stronger than} 45... Qxd2 46. Qxb6 Qe1+ 47. Kf4 $11) 46. Kh3 Qh1+ 47. Kg3 Bg1 {[%csl Gg1][%cal Rh1h2]} 48. Qb8+ Kh7 0-1

[Event "BL 2016-17"]
[Site "Germany"]
[Date "2017.03.19"]
[Round "10"]
[White "Arencibia Rodriguez, Walter"]
[Black "Predojevic, Borki"]
[Result "0-1"]
[WhiteElo "2506"]
[BlackElo "2611"]
[Annotator "TA"]
[PlyCount "50"]
[EventDate "2017.??.??"]
[EventType "team-tourn"]
[EventCountry "GER"]
[SourceTitle "playchess.com"]
[Source "ChessBase"]
[SourceQuality "1"]
[WhiteTeam "Griesheim"]
[BlackTeam "Solingen"]

{[%evp 5,50,20,18,23,30,15,20,20,18,19,29,27,28,8,15,6,15,-13,17,-17,17,-1,0,-6,0,-76,-63,-67,-71,-74,-79,-121,-75,-71,-70,-57,-60,-69,-15,-106,-107,-108,-98,-322,-222,-575,-579]} 1. d4 d6 2. c4 e5 3. d5 Be7 4. Nc3 {A41: 1 d4 d6: Tartakower System and Modern Defence} Bg5 5. Bxg5 (5. e3 $5 {looks sharper.} f5 6. Bd3 e4 7. Bc2 Ne7 8. f4) (5. e3 f5 6. Bd2 Nf6 7. f4 exf4 8. exf4 Bh6 9. Qe2+ Kf7 10. O-O-O Re8 11. Qf2 Na6 {½-½ (26) Ivanisevic,I (2655)-Markus,R (2628) Kragujevac 2012}) 5... Qxg5 6. Nf3 {The position is equal.} Qd8 $146 (6... Qe7 7. e4 Nf6 8. Be2 O-O 9. O-O a5 10. Nd2 Na6 11. a3 Bd7 {½-½ (45) Flear,G (2493)-Ledger,A (2424) Sunningdale 2008}) 7. g3 f5 8. Bg2 Nh6 {[%cal Bg8h6,Bh6f7,Bf7g5,Bg5h3][%mdl 32]} 9. O-O O-O 10. b4 Nd7 11. Rc1 Nf7 12. Nd2 b6 13. Nb3 Nf6 14. c5 f4 15. Qd2 (15. gxf4 $11 {keeps the balance.} bxc5 16. bxc5) 15... Ng5 $17 16. cxd6 cxd6 17. Qd3 Qe8 18. Nd2 Nh3+ 19. Kh1 {[#]} Qh5 $1 20. Nce4 Bf5 $40 {[%mdl 128] Black mounts an attack.} 21. Nxf6+ Rxf6 22. Bf3 (22. Be4 $11) 22... Qh6 ({And not} 22... Bxd3 23. Bxh5 Bf5 24. g4 $14) 23. Qc3 Rc8 24. Qb2 $2 (24. Qa3 $17) 24... Rcf8 25. Rcd1 $2 {[#]} (25. Rc4) 25... e4 $1 {[%mdl 512]} 0-1

[Event "BL 2016-17"]
[Site "Jenbach"]
[Date "2017.04.21"]
[Round "10"]
[White "Rotstein, Arkadij"]
[Black "Eisenbeiser, Amadeus"]
[Result "0-1"]
[WhiteElo "2502"]
[BlackElo "2393"]
[Annotator "TA"]
[PlyCount "100"]
[EventDate "2017.??.??"]
[EventCountry "AUT"]
[SourceTitle "playchess.com"]
[Source "ChessBase"]
[SourceQuality "1"]
[WhiteTeam "Absam"]
[BlackTeam "Götzis"]

{[%evp 11,100,5,45,29,50,33,39,37,41,31,38,35,38,45,95,91,119,120,111,90,89,61,70,65,109,102,105,85,70,41,45,37,31,40,39,28,25,0,0,-3,14,-35,-33,-33,-30,-43,-20,-50,-42,-52,-41,-64,0,0,0,0,0,-102,-97,-77,-78,-253,-248,-500,-446,-545,-536,-475,-173,-174,-172,-167,-165,-331,-363,-451,-445,-587,-578,-729,-775,-767,-759,-1011,-981,-952,-794,-894,-829,-29988,-29988]} 1. c4 g6 2. g3 Bg7 3. Bg2 e5 4. Nc3 Ne7 5. d3 O-O 6. h4 {[%cal Bh2h4,Bh4h5][%mdl 32]} h6 {LiveBook: 3 Games. A21: English Opening: 1...e5 2 Nc3} 7. h5 {Strongly threatening hxg6.} g5 8. f4 exf4 {White is slightly better.} 9. gxf4 g4 10. e4 {[%cal Be2e4,Be4e5][%mdl 32] Black must now prevent f5.} f5 $1 11. Nge2 d6 12. Be3 Nd7 $146 (12... c5 13. Qd2 Nbc6 14. O-O-O {0-1 (31) Clery,N (2396)-Hamdouchi,H (2593) Mulhouse 2011}) 13. Qd2 c6 14. O-O-O Nf6 15. e5 Ne8 16. d4 d5 $1 17. cxd5 cxd5 18. Bf2 Be6 19. Bh4 Rf7 20. Bxe7 (20. Qc2 $5 {feels hotter.} Qd7 21. Kb1 Nc6 22. Nc1 b6 23. Nb3) 20... Rxe7 21. Ng3 Bf8 22. Kb1 Ng7 23. Rc1 Rc7 24. Nb5 Rc6 25. Qd3 a6 26. Rxc6 bxc6 27. Nc3 Qa5 28. Rc1 Be7 29. Nd1 Qb6 30. Ne3 {[%cal Rg3f5]} Rf8 31. Qc3 Rd8 ({Better is} 31... Bd7 $15) 32. Qc2 $1 $11 {[%cal Rg3f5]} Rb8 33. b3 {[%cal Rg3f5]} Ba3 34. Rd1 (34. Nexf5 $11 {remains equal.} Nxf5 35. Nxf5 Bxf5 36. Qxf5 Qxd4 37. Qg6+ Kh8 38. Qxh6+ Kg8 39. Qg5+ Kh8 40. Qh6+ Kg8 41. Qg6+ Kh8 42. Qh6+) 34... Rf8 $17 35. Bf1 a5 36. Bd3 $2 (36. Qd3 $17) 36... Qxd4 $19 37. Nexf5 $2 (37. Ngxf5 {keeps fighting.} Bxf5 38. Nxf5 Nxf5 39. Bxf5 Qxf4 40. Bd7) 37... Qxf4 38. Nh4 Qxg3 39. Bh7+ Kf7 $2 (39... Kh8 40. Ng6+ Kxh7 41. Nxf8+ Kg8 42. Nxe6 Nxe6 43. Qg6+ Ng7 44. Qxc6 Qxe5) 40. Rf1+ Nf5 $1 ({Weaker is} 40... Ke8 41. Qxc6+ Kd8 42. Qa8+ (42. Qb6+ Ke8 43. Qc6+ Kd8 44. Qb6+ Ke8 45. Qc6+ $11) 42... Kd7 43. Qb7+ Ke8 44. Qc6+ Kd8 45. Qb6+ Ke8 46. Qc6+ $11) 41. Nxf5 Qxe5 $40 {[%mdl 128] aiming for ...g3! Black has strong attack.} 42. Nd4+ $2 {[#]} (42. Qd2 {was called for.} g3 43. Nd4+ Kg7 44. Re1) 42... Ke7 $1 43. Rd1 Bd7 44. Qc3 {[#]} Kd6 $1 (44... Qxh5 45. Qxa5 (45. Nxc6+ $2 Bxc6 46. Qxc6 Qe5 47. Qb7+ Kf6 $19) 45... Bd6 46. Qa7 $17) 45. Qxa5 Bc5 46. Nc2 g3 {[%cal Bg4g3,Bg3g2][%mdl 32]} 47. b4 Bf2 48. b5 Rb8 49. a4 g2 50. Nb4 Qc3 0-1

[Event "BL 2016-17"]
[Site "Jenbach"]
[Date "2017.04.21"]
[Round "10"]
[White "Henrichs, Thomas"]
[Black "Volokitin, Andrei"]
[Result "0-1"]
[WhiteElo "2495"]
[BlackElo "2649"]
[Annotator "TA"]
[PlyCount "84"]
[EventDate "2017.??.??"]
[EventCountry "AUT"]
[SourceTitle "playchess.com"]
[Source "ChessBase"]
[SourceQuality "1"]
[WhiteTeam "Bregenz"]
[BlackTeam "Jenbach"]

{[%evp 23,84,0,0,0,0,0,0,-16,0,-7,0,0,0,-84,-77,-75,-82,-82,-70,-97,-57,-57,-48,-57,-57,-57,-49,-60,-54,-50,-54,-51,-60,-75,-64,-114,-125,-121,-122,-194,-193,-201,-192,-218,-199,-408,-372,-624,-626,-771,-468,-1138,-820,-793,-733,-2811,-1151,-1131,-1131,-1091,-1071,-29987,-29988]} 1. d4 Nf6 2. c4 e6 3. Nc3 Bb4 4. Qc2 d5 5. cxd5 exd5 6. Bg5 {[%cal Bc1g5,Bg5h4,Bh4g3][%mdl 32]} c5 7. dxc5 h6 8. Bh4 {E35: Nimzo-Indian: Classical: 4...d5 5 cxd5 exd5} O-O (8... g5 9. Bg3 Ne4 10. e3 Bf5 11. Bxb8 Nxc3 12. Qxf5 Ne4+ 13. Ke2 Qxb8 14. Qxd5 {1-0 (14) Nakamura,H (2779)-Topalov,V (2760) Saint Louis 2016}) 9. e3 Be6 10. Nf3 Nbd7 11. a3 Bxc3+ 12. Qxc3 g5 $1 {LiveBook: 8 Games} 13. Bg3 Ne4 14. Qc2 Rc8 15. Bd3 $146 (15. Nd4 Ndxc5 {0-1 (39) Medvegy,Z (2510)-Perunovic,M (2620) Austria 2015}) 15... Ndxc5 16. Nd4 h5 17. f3 Nxg3 18. hxg3 (18. Bh7+ $1 $11 {keeps the balance.} Kg7 19. hxg3) 18... Ne4 $1 $36 {[%mdl 2048] Black is really pushing.} 19. Bxe4 Rxc2 20. Bxc2 h4 21. O-O-O Qf6 22. gxh4 gxh4 23. g3 hxg3 {And now ...Qe5 would win.} 24. Rdg1 Qe5 25. Kd2 {Black must now prevent f4.} Rc8 26. Bd3 Kf8 27. f4 $1 {[%cal Rf4e5]} Qg7 28. Rh7 Qg8 29. Rh5 {[#]} Ke7 $1 30. Rg5 Qd8 31. f5 (31. Bc2 $17 {is a better defense.}) 31... Qa5+ 32. Ke2 Qb6 33. b4 Bd7 {Strongly threatening ...Rc3.} 34. R1xg3 $2 (34. R5xg3 Rc3 35. Ra1) 34... Rc3 $19 35. Rg7 $2 (35. Rh3) 35... Rxa3 36. R3g4 Qh6 37. Kd2 (37. Rh7 $142 Qxh7 {[#]} 38. f6+ $1 {[%mdl 512]} Kd6 39. Bxh7 Bxg4+ 40. Kd2) 37... Ra2+ 38. Bc2 Ba4 {Threatens to win with ...Bxc2.} 39. R4g6 Qh2+ (39... Qh4 $142 40. f6+ Kd8 41. Rg8+ Kc7) 40. Rg2 Qc7 41. f6+ Kd6 42. Nf5+ Ke5 0-1

[Event "BL 2016-17"]
[Site "Germany"]
[Date "2017.03.19"]
[Round "10"]
[White "Gonda, Laszlo"]
[Black "Baldauf, Marco"]
[Result "1/2-1/2"]
[WhiteElo "2487"]
[BlackElo "2439"]
[Annotator "TA"]
[PlyCount "44"]
[EventDate "2017.??.??"]
[EventType "team-tourn"]
[EventCountry "GER"]
[SourceTitle "playchess.com"]
[Source "ChessBase"]
[SourceQuality "1"]
[WhiteTeam "SG Trier"]
[BlackTeam "SF Berlin"]

{[%evp 22,44,33,0,0,0,24,0,0,0,0,8,0,0,0,0,27,26,20,6,14,6,16,0,0]} 1. c4 c5 2. Nf3 Nf6 3. Nc3 e6 4. g3 b6 5. Bg2 Bb7 6. O-O Be7 7. d4 cxd4 8. Qxd4 O-O 9. Rd1 d6 10. b3 Nbd7 11. Bb2 a6 12. Ne1 Bxg2 {A30: Symmetrical English: Double Fianchetto and Hedgehog} 13. Nxg2 Qc7 (13... Qb8 14. Ne4 Rd8 15. Ne3 Ne8 16. Rac1 Qb7 17. Rc2 f5 18. Nd2 Ne5 19. Ng2 Bf6 20. Qe3 {½-½ (47) Bu,X (2695)-Pelletier,Y (2592) Cap d'Agde 2010}) 14. Ne4 Rfd8 15. Rac1 Qc6 16. Nxf6+ ({Don't go for} 16. Nxd6 $2 Nc5 17. Nf5 exf5 $19) 16... Nxf6 $146 (16... Bxf6 $5 17. Qd2 $8 Rac8 $11) (16... Bxf6 17. Qd2 Bxb2 18. Qxb2 Nf6 19. Ne3 b5 20. Qd4 bxc4 21. Rxc4 {1-0 (34) Dambrauskas,V (2318)-Butnorius,A (2424) Siauliai 2005}) 17. Ne3 Qb7 18. Qf4 Qe4 19. Qxe4 Nxe4 20. f3 {The position is equal.} Nc5 21. Rc2 f5 22. Ng2 Kf7 1/2-1/2

[Event "BL 2016-17"]
[Site "Germany"]
[Date "2017.03.19"]
[Round "10"]
[White "Fedorovsky, Michael"]
[Black "Nisipeanu, Liviu-Dieter"]
[Result "0-1"]
[WhiteElo "2482"]
[BlackElo "2680"]
[Annotator "TA"]
[PlyCount "94"]
[EventDate "2017.??.??"]
[EventType "team-tourn"]
[EventCountry "GER"]
[SourceTitle "playchess.com"]
[Source "ChessBase"]
[SourceQuality "1"]
[WhiteTeam "Bayern München"]
[BlackTeam "TU Dresden"]

{[%evp 22,94,25,13,31,33,42,0,0,0,0,0,0,0,0,0,0,0,0,0,0,0,0,0,0,0,0,0,0,0,9,0,0,0,0,0,0,0,0,0,8,-65,-46,-38,-46,-57,-37,-39,0,0,0,0,0,-70,-45,-284,-267,-273,-258,-506,-492,-680,-737,-669,-544,-400,-414,-837,-825,-858,-1593,-1830,-1835,-1795,-1779]} 1. e4 c6 2. d4 d5 3. Nc3 dxe4 4. Nxe4 Bf5 5. Ng3 Bg6 6. h4 h6 7. Nf3 e6 8. Ne5 Bh7 9. Bd3 Bxd3 10. Qxd3 Nd7 11. f4 Ngf6 12. Bd2 Bd6 {B19: Classical Caro-Kann: 4...Bf5 main line} (12... Be7 13. O-O-O Qc7 14. Ne4 Nxe4 15. Qxe4 Nf6 16. Qf3 g6 17. Kb1 h5 18. c4 Rc8 19. Bc3 b5 20. d5 cxd5 21. cxd5 Nxd5 22. Rxd5 exd5 23. Qxd5 {1-0 (29) Saric,I (2652)-Navara,D (2725) Tallinn 2016}) 13. O-O-O Qc7 14. Rhe1 O-O {The position is equal.} 15. Ne4 Nxe4 16. Qxe4 f5 17. Qf3 Nf6 18. Qb3 Rfe8 19. Bb4 Bxb4 20. Qxb4 Rad8 $146 21. Qb3 Rd5 22. g3 Kh7 23. c4 Rd6 24. Qc2 {With the idea g4.} Kg8 25. c5 Rd5 26. Nc4 b6 27. Nd6 Re7 28. Re5 Ng4 29. Rxd5 cxd5 30. Re1 bxc5 31. Qxc5 ({Better is} 31. dxc5 $11 Nf6 32. b4) 31... Nf2 {[#] Hoping for ...Nd3+.} 32. Kb1 Ne4 33. Nxe4 fxe4 $15 {[%mdl 4096] Endgame KQR-KQR} 34. Rc1 Qb7 35. Qd6 Qd7 36. Qe5 $1 Qb5 {...Qd3+ is the strong threat.} 37. a3 (37. f5 $11) 37... Kh7 $40 {[%mdl 128] Strongly threatening ...Rb7. Black has some attack.} 38. f5 $2 (38. Ka1 $1 $15) 38... Rb7 $19 {[%csl Gb7][%cal Rb5b2] [#]} 39. Rc2 Qf1+ 40. Ka2 $2 (40. Rc1 {was the only chance.} Qxf5 41. Qxf5+ exf5 42. Rc5) 40... Qxf5 41. Qd6 e3 42. Qc6 Qe4 43. Re2 Rf7 (43... Qxd4 $2 44. Qc2+ g6 45. Qc3 Qxc3 46. bxc3 $19) 44. Qc3 (44. Qc1 $142 Rf3 45. Qb1) 44... Rf3 {Black is clearly winning.} 45. Kb3 e5 46. dxe5 d4 ({Less strong is} 46... Rxg3 47. Qc2 Qxc2+ 48. Kxc2 $19) 47. Qc4 Rf5 0-1

[Event "BL 2016-17"]
[Site "Jenbach"]
[Date "2017.04.21"]
[Round "10"]
[White "Maksimenko, Andrei"]
[Black "Beckhuis, Gernod"]
[Result "1-0"]
[WhiteElo "2481"]
[BlackElo "2261"]
[Annotator "TA"]
[PlyCount "63"]
[EventDate "2017.??.??"]
[EventCountry "AUT"]
[SourceTitle "playchess.com"]
[Source "ChessBase"]
[SourceQuality "1"]
[WhiteTeam "Wulkaprodersdorf"]
[BlackTeam "Wien-SK Ottakring"]

{[%evp 13,63,0,0,0,0,0,0,0,25,32,20,10,25,28,35,0,0,0,0,0,152,149,233,242,231,0,0,0,0,0,69,57,65,68,141,127,188,187,271,272,298,295,292,281,282,258,313,318,342,335,335,330]} 1. d4 d5 2. c4 e6 3. Nf3 Nf6 4. e3 Be7 5. Nc3 O-O 6. b3 b6 7. Bb2 {D37: Queen's Gambit Declined: 5 Bf4} Bb7 {LiveBook: 46 Games} (7... Ba6 8. Bd3 c5 9. cxd5 Bxd3 10. Qxd3 exd5 11. dxc5 bxc5 12. O-O Nc6 13. Rad1 Nb4 14. Qb1 Qb6 {1-0 (50) Malakhov,V (2713)-Bologan,V (2640) Doha 2016}) 8. Rc1 c5 9. cxd5 {The position is equal.} Nxd5 10. Nxd5 $146 (10. Bc4 Nxc3 11. Bxc3 cxd4 12. Nxd4 Nc6 13. Qg4 Nxd4 14. Bxd4 {½-½ (25) Santiago,Y (2347)-Caetano,H (2047) Sao Paulo 2012}) 10... Bxd5 11. dxc5 Bxc5 12. Bd3 Bb4+ 13. Ke2 Nd7 14. Bc4 Bb7 15. Qd4 {[%csl Gb2][%cal Rd4g7] [#]} Nf6 16. Qh4 $40 {[%mdl 128] With the idea Bd3. White has some attack.} Qe7 $2 (16... Ne4 $11) 17. Bd3 $16 {And now Bxf6 would win.} Rfd8 (17... e5 $16) 18. Bxf6 $1 $18 Qxf6 19. Bxh7+ $2 (19. Qxb4 $18 Rxd3 20. Kxd3 Ba6+ 21. Kc2 Rc8+ 22. Kd1 Rxc1+ 23. Kxc1 Qa1+ 24. Kc2 Qxh1 25. Qa4) 19... Kh8 $11 {( -> ...Bxf3+)} 20. Bd3+ Qxh4 21. Nxh4 {[#]} Bd6 (21... Rxd3 $1 $11 {[%mdl 512]} 22. Kxd3 Rd8+ 23. Ke2 (23. Kc4 $2 Bd2 24. Rc3 Rc8+ 25. Kd3 Bxc3 $19) 23... g5) 22. Rhd1 g5 23. Nf3 g4 ({Better is} 23... Bxf3+ $14 24. Kxf3 (24. gxf3 Kg7 $14) 24... Kg7) 24. Ng5 $16 Kg7 (24... Bxg2 $16 25. Nxf7+ Kg7) 25. Rc4 $18 Bd5 (25... Kf8 $142 26. Rxg4 Rac8) 26. Rxg4 {Strongly threatening Nxe6+.White has a decisive advantage.} f5 27. Nxe6+ Kf6 28. Nxd8 fxg4 29. Bb5 Rxd8 30. Rxd5 Bc7 31. Rxd8 Bxd8 32. Bd7 1-0